| 000 | 01294nam a2200289 a 4500 | ||
|---|---|---|---|
| 003 | OSt | ||
| 005 | 20240223104658.0 | ||
| 007 | cr ||||||a|c|a | ||
| 008 | 240117s2021 mx a|||fom||| 001 0 spa d | ||
| 040 | _erda | ||
| 100 | 1 |
_9188482 _aHernández Ramos, Flor Isela |
|
| 245 | 1 | 0 |
_aEvaluación del efecto repelente de Beetle repel sobre adultos de Anthonomus eugenii (Coleóptera : curculionidae) / _cpor Flor Isela Hernández Ramos ; director de tesis Manuel Alejandro Tejeda Reyes. |
| 264 | 1 |
_aChapingo, México : _bEl autor, _c2021. |
|
| 300 |
_a1 recurso en línea (38 páginas): _bcuadros, figuras. |
||
| 336 |
_2rdacontent _atexto _btxt |
||
| 337 |
_2rdamedia _acomputadora _bc |
||
| 338 |
_2rdacarrier _arecurso en línea _bcr |
||
| 502 |
_bIAEPA _cParasitología _d2021. _gLIC |
||
| 504 | _aIncluye referencias bibliográficas: páginas 32-38. | ||
| 650 | 4 |
_995985 _aRepelentes y atrayentes de insectos |
|
| 650 | 4 |
_922380 _aChile (Botánica) _xPlagas |
|
| 650 | 4 |
_9165899 _aFeromonas Hormonas Insectos |
|
| 650 | 4 |
_9137032 _aAnthonomus eugenii _xControl |
|
| 700 | 1 |
_9112025 _aTejeda Reyes, Manuel Alejandro _eDirector de tesis. |
|
| 856 |
_uhttp://10.13.5.2/tesis/tl/1211093-6_Flor_Isela_Hernandez_Ramos.pdf _zDESCARGAR PDF |
||
| 942 | _2Clasificación Universidad Autónoma Chapingo | ||
| 999 |
_c219538 _d219538 |
||